000 00833nam a22002170a 4500
001 PT33972
003 AR-LpoUNG
005 20210516203222.0
008 191001suuuu||||bl |||||||||||||||||spa d
040 _aAR-LpoUNG
_bspa
_cAR-LpoUNG
_eaacr
041 _aspa
082 0 _a334.01 397res
111 2 _aSeminario Internacional, Respuestas de la Sociedad Civil a la Emergencia Social : Brasil y Argentina Comparten Experiencias, Buenos Aires, 4 noviembre 2002
245 1 0 _aRespuestas de la sociedad civil a la emergencia social :
_bBrasil y Argentina comparten experiencias
260 _as.l.
_bCEDES,
_cs.f.
710 2 _aCentro de Estudios de Estado y Sociedad (Buenos Aires)
710 2 _aUniversidad de San Andrés (Buenos Aires)
710 2 _aUniversidad Torcuato Di Tella (Buenos Aires)
905 _a33972
942 _cLIB
999 _c57663
_d57663